The jet set. (Record no. 350742)

000 -LEADER
fixed length control field 00655cam a22002531i 4500
001 - CONTROL NUMBER
control field 8453059
003 - CONTROL NUMBER IDENTIFIER
control field OSt
005 - DATE AND TIME OF LATEST TRANSACTION
control field 20180116183025.0
008 - FIXED-LENGTH DATA ELEMENTS--GENERAL INFORMATION
fixed length control field 770527s1964 nyu 000 0 eng
010 ## - LIBRARY OF CONGRESS CONTROL NUMBER
LC control number 64011907
015 ## - NATIONAL BIBLIOGRAPHY NUMBER
National bibliography number GB64-11521
035 ## - SYSTEM CONTROL NUMBER
System control number (OCoLC)2999577
040 ## - CATALOGING SOURCE
Original cataloging agency DLC
Transcribing agency NmU
Modifying agency Uk
-- DLC
042 ## - AUTHENTICATION CODE
Authentication code premarc
050 00 - LIBRARY OF CONGRESS CALL NUMBER
Classification number PZ4.W85
Item number Je
Classification number PS3573.O38
082 ## - DEWEY DECIMAL CLASSIFICATION NUMBER
Classification number 823.91 WHO 1969
100 1# - MAIN ENTRY--PERSONAL NAME
Personal name Wohl, Burton.
245 14 - TITLE STATEMENT
Title The jet set.
Statement of responsibility, etc. Burton Wohl
260 ## - PUBLICATION, DISTRIBUTION, ETC.
Place of publication, distribution, etc. New York,
Name of publisher, distributor, etc. Dial Press,
Date of publication, distribution, etc. 1964.
300 ## - PHYSICAL DESCRIPTION
Extent 316 p.
Dimensions 22 cm.
Other physical details PB.
440 ## - SERIES STATEMENT/ADDED ENTRY--TITLE
Title The jet set
906 ## - LOCAL DATA ELEMENT F, LDF (RLIN)
a 7
b cbc
c oclcrpl
d u
e ncip
f 19
g y-gencatlg
942 ## - ADDED ENTRY ELEMENTS (KOHA)
Source of classification or shelving scheme
Koha item type Book
Holdings
Withdrawn status Lost status Source of classification or shelving scheme Damaged status Not for loan Collection code Permanent Location Current Location Shelving location Date acquired Total Checkouts Full call number Barcode Date last seen Price effective from Koha item type
      Damaged     Central Library (CL) Central Library (CL) Fiction 12/03/2015   823.91 WHO 1969 NBSD-2124 12/03/2015 12/03/2015 Book
© 2023 Central Library, National University of Sciences and Technology. All Rights Reserved.